000 00532nam a2200181Ia 4500
008 100920s9999 xx 000 0 und d
082 _b79832
_a891.463.1 न 01
100 _aभावे राम.
245 _aहवा हवाई.
260 _bपुष्प प्रकाशन, पुणे.
_c2001
300 _a112
_bसाधी
365 _b105
520 _aलघुकथा.
630 _aहवा हवाई.
650 _aलघुकथा.
730 _aहवा हवाई.
942 _cBOOK
999 _c720799
_d720796